Taylor Swift mystery lyrics #49 - Statistics

General Stats
  • This quiz has been taken 73 times
    63 since last reset
  • The average score is 202 of 294
Answer Stats
Answer % Correct
a
100%
I
100%
you
100%
an
96%
the
96%
me
94%
And
91%
and
91%
in
91%
when
91%
it
89%
my
89%
he
87%
He
87%
know
87%
we
87%
I'm
85%
to
85%
Go
83%
go
83%
it's
83%
It's
83%
on
83%
that
83%
where
83%
Where
83%
like
81%
so
74%
So
74%
at
72%
him
72%
No
72%
see
72%
all
70%
am
70%
I'll
70%
got
68%
Got
68%
knows
68%
think
68%
up
68%
want
66%
can't
64%
'cause
64%
down
64%
his
64%
one
64%
there
64%
man
62%
or
62%
tell
62%
mine
60%
never
60%
night
57%
Avenue
55%
could
55%
every
55%
He's
55%
look
55%
16th
53%
ah
53%
what's
53%
get
51%
gotta
51%
skipping
51%
under
51%
wanna
51%
Wanna
51%
with
51%
boy
49%
Boy
49%
heartbeat
49%
ain't
47%
architect
47%
boyish
47%
drawing
47%
mean
47%
plans
47%
understand
45%
won't
45%
attitude
43%
footprints
43%
make
43%
myself
43%
understands
43%
alone
40%
body
40%
eyes
40%
gonna
40%
hand
40%
he'll
40%
lead
40%
17
38%
around
38%
better
38%
good
38%
nobody
38%
soul
38%
stay
38%
wait
38%
hands
36%
sidewalk
36%
smile
36%
bless
34%
drive
34%
home
34%
stop
34%
cold
32%
glass
32%
he'd
32%
lock
32%
stick
32%
thigh
32%
dark
30%
indigo
30%
Lyrical
30%
obsessed
30%
ones
30%
whisper
30%
follow
28%
sparks
26%
No matching quizzes found
Score Distribution
Percent of People with Each Score
Percentile by Number Answered
Your Score History
You have not taken this quiz since the last reset